00700 2200241 4500001002100000005001700021008004100038020001800079035002400097040001200121082001000133090001900143100002400162245011700186250001100303260003100314300002400345650001500369700002400384700002300408850001200431990001500443YOGYA-0209000003143920090227024603.0 ind  a979-413-412-0 0010-020900000031439 aYOPDYOG a001.5 aT 001.5bHun S aHUNSAKER, Phillip L aSeni komunikasi bagi para pemimpincPhillip L. Hunsaker, Anthony J. Alessandra ; penerjemah, A.M. Mangunhardjana aCet. 5 aYogyakartabKanisiusc1992 a84 hlmbilusc21 cm aKomunikasi aAlessandra, Anthony aMangunharjana, A.M aYOPDYOG a94P0047687